00572nam a2200169Ia 4500001001000000003000500010008004100015010001100056040000900067082002300076111008100099245007700180260003800257300001100295650002900306650006700335Para_9029CHAP220125s2004 xx 000 0 und d a207807 cCHAP aPA 636.08 R48 2004 aReunión Nacional de Investigación Pecuaria (40:2004:Mérida, Yucatán) aMemoria reunión científica /c por Fundación Produce Morelos A.C. aMérida, Yuc. :b la fundación a381 p. aGanadería x congresos aGanadería x investigación x México x Bibliografía